| 000 | 00487cam a22001217a 4500 | ||
|---|---|---|---|
| 008 | 180718b1995 xxu||||| |||| 00| 0 eng d | ||
| 082 | _aA81x54 In2/91/8/PT12A&B/K | ||
| 100 | _aCensus of India 1991 | ||
| 245 | _aHaryana district census handbook, Kaithal: village and town directory, village and twonwise primary census abstract | ||
| 260 |
_aChandigarh _bThe Controller, Printing and Stationery _c1995 |
||
| 300 | _a307+p. | ||
| 440 | _aCensus of India 1991. Series-8, Haryana. Part XII-A&B | ||
| 999 |
_c481212 _d481212 |
||